00000000nam##2200000za#4500
0019.579347
003CaOODSP
00520210624190523
007cr |||||||||||
008150406|2003||||xxc|||||o    f|0| 0 eng|d
022 |a1488-5379
040 |aCaOODSP|beng
043 |an-cn---
0861 |aFs97-6/2398E-PDF
1101 |aCanada. |bDepartment of Fisheries and Oceans.
24514|aThe fish and fisheries of Lake Winnipeg - The first 100 years / |h[electronic resource]|cby W.G. Franzin ... [et al.]
260 |aWinnipeg - Manitoba : |bFisheries and Oceans Canada |c2003.
300 |a58p.|bfigs., references, tables
4901 |aCanadian technical report of fisheries and aquatic sciences|x1488-5379|vNo. 2398
500 |aOn t.p.: Central and Arctic Region, Winnipeg, Manitoba. The catalogue number and ISSN for the print edition appear in the PDF version.
546 |a(Résumé en français)
590 |a14-06-Supp|b2014-03-21
7201 |aFranzin, W. G.
830#0|aCanadian technical report of fisheries and aquatic sciences,|x1488-5379|vNo. 2398|w(CaOODSP)9.504449
85640|ahttp://publications.gc.ca|qPDF|s2945 KB|uhttps://publications.gc.ca/collections/collection_2014/mpo-dfo/Fs97-6-2398-eng.pdf|yNo. 2398